LEADER 01455nam a2200277 i 4500 001 000000176532 003 CaOOAMICUS 005 20081210000000.0 008 081210s2001 it u000 u ita u 013 $a154021 040 $aSeMil$bita 100 1 $aColombo, Mariaebe.$0(OLS)http://semarc/name/65711 245 13$aLa Chiesa e il Convento di Santa Maria in strada a Monza :$bUniversità Popolare di Monza 1901-2001 /$ca cura di Roberto Cassanelli ; testi di Mariaebe Colombo, Giulia Marsili ; contributi di Roberto Conti ... [et al.] ; presentazione di Simonetta Coppa. 260 $aMilano :$bUniversità Popolare di Monza,$ccopyr. 2001. 300 $a127 p. :$bill. ;$c25 cm. 500 $aContiene : Fonti e Bibliografia. 650 4$aMonza - Chiese - Santa Maria in Strada.$0(OLS)http://semarc/subject/46347 700 1 $aCassanelli, Roberto.$0(OLS)http://semarc/name/2706 700 1 $aCoppa, Simonetta.$0(OLS)http://semarc/name/12909 700 1 $aConti, Roberto.$0(OLS)http://semarc/name/18575 700 1 $aMarsili, Giulia.$0(OLS)http://semarc/name/65712 850 $aSeMil 852 $aSeMil$W1$xVenegono$y1$m3P II 323$j127352$B127352$CSeMilBibl$Z2$F142643 $81 961 $aOmaggio: Altro 996 $6245$aLa Chiesa e il Convento di Santa Maria in strada a Monza :$bUniversità Popolare di Monza 1901-2001$9(OLS)http://semarc/title/253411 996 $6260$aMilano :$bUniversità Popolare di Monza$9(OLS)http://semarc/publisher/49400 LEADER 01343nam a2200289 4500 001 000000335560 003 CaOOAMICUS 005 20191008085458.0 008 190726s2009 xxu 000 u eng r 020 $a978-0-8091-4202-6 040 $aSeMil$bita 100 1 $aBevans, Stephen B.$0(OLS)http://semarc/name/68702 245 10$aEvangelization and religious freedom :$bAd gentes, Dignitatis humanae /$cStephen B. Evans and Jeffrey Gros. 264 1$aNew York ; Mahwah :$bPaulist Press,$c2009. 300 $a259 p. ;$c23 cm 490 1 $aRediscovering Vatican 2. 650 4$aLibertà religiosa - Concezione cattolica.$0(OLS)http://semarc/subject/10725 650 4$aEvangelizzazione.$0(OLS)http://semarc/subject/670 700 1 $aGros, Jeffrey <1938- >.$0(OLS)http://semarc/name/48175 830 0$aRediscovering Vatican 2.$0(OLS)http://semarc/title/424964 850 $aSeMil 852 $aSeMil$W1$xVenegono$y1$m2A V 371$j216690$B227460$CSeMilBibl$Z2$F227460 $81 961 $aAntonelli don Mario - Omaggio 996 $6020$a978-0-8091-4202-6$9(OLS)http://semarc/number/288226 996 $6245$aEvangelization and religious freedom :$bAd gentes, Dignitatis humanae$9(OLS)http://semarc/title/424965 996 $6264$aNew York ; Mahwah :$bPaulist Press$9(OLS)http://semarc/publisher/32439 LEADER 01112nam a2200277 i 4500 001 000000040582 003 CaOOAMICUS 005 20241106101408.0 008 091116s1993 it u000 u ita u 013 $a11752 040 $aSeMil$bita 100 1 $aDaniélou, Jean,$c.$0(OLS)http://semarc/name/50 240 12$aL'oraison problème politique.$0(OLS)http://semarc/title/58368 245 12$aL'orazione, problema politico /$cJean Daniélou. 260 $aRoma :$bArkeios,$c1993. 300 $a121 p. ;$c24 cm. 490 0 $aI testimoni della fede 650 4$aChiesa e mondo.$0(OLS)http://semarc/subject/8527 650 4$aCristianesimo e civiltà.$0(OLS)http://semarc/subject/21576 830 2$aI testimoni della fede.$0(OLS)http://semarc/title/30007 850 $aSeMil 852 $aSeMil$W1$xVenegono$y1$m2B V 304$j6737$B6737$CSeMilBibl$Z2$F6737 $81 961 $aAcquisto: Glossa (Libreria) 996 $6245$aL'orazione, problema politico$9(OLS)http://semarc/title/58367 996 $6260$aRoma :$bArkeios$9(OLS)http://semarc/publisher/29795 LEADER 00818naa a2200169 i 4500 001 000000307749 003 CaOOAMICUS 005 20180831172922.0 008 180831n it u000 u ita u 013 $a16595 040 $aSeMil$bita 100 1 $aFlorio, Mario,$d<1961- >.$0(OLS)http://semarc/name/4958 245 10$aPer proseguire il confronto e la ricerca. Alcuni orientamenti. 650 4$aSacramenti - Teologia cattolica.$0(OLS)http://semarc/subject/113 650 4$aTeologia sacramentaria.$0(OLS)http://semarc/subject/749 773 0 $tUniversalità della salvezza e mediazione sacramentale.$dAssisi : Cittadella, 2010.$kGestis verbisque / Istituto Teologico Marchigiano$z978-88-308-1025-9$gp.283-292$w()187013 996 $6245$aPer proseguire il confronto e la ricerca. Alcuni orientamenti$9(OLS)http://semarc/title/415653